Drogi krajowe po ich przebiegu - Statystyki

Ogólne statystyki
  • Ten quiz został rozwiązany 253 razy
  • Średni wynik to 16 z 26
Statystyki odpowiedzi
Hint Odpowiedź % Poprawnych
Gdynia - Gdańsk - Elbląg - Ostróda - Olsztynek - Płońsk - Warszawa - Grójec - Radom - Kielce - Kraków - Myślenice - Rabka-Zdrój - Chyżne (SK) 7
80%
Jędrzychowice (D) - Zgorzelec - Wrocław - Gliwice - Katowice - Chrzanów - Kraków - Tarnów - Dębica - Rzeszów - Jarosław - Korczowa (UA) 4
78%
Kołbaskowo (D) - Szczecin - Goleniów - Płoty - Kołobrzeg - Koszalin - Słupsk - Lębork - Gdynia - Gdańsk - Łęgowo 6
78%
Świnoujście - Goleniów - Szczecin - Gorzów Wlkp. - Zielona Góra - Lubin - Legnica - Bolków - Kamienna Góra - Lubawka (CZ) 3
76%
Świecko (D) - Rzepin - Poznań - Konin - Łódź - Warszawa - Mińsk Maz. - Siedlce - Międzyrzec Podl. - Biała Podl. - Terespol (BY) 2
74%
Kudowa-Zdrój (CZ) - Kłodzko - Ząbkowice Śl. - Wrocław - Oleśnica - Kępno - Sieradz - Łódź - Piotrków Tryb. - Rawa Maz. - Warszawa - Radzymin - Wyszków - Ostrów Maz. - Zambrów - Białystok - Augustów - Raczki 8
74%
Pruszcz Gd. - Grudziądz - Toruń - Włocławek - Łódź - Piotrków Tryb. - Częstochowa - Piekary Śl. - Bytom - Gliwice - Żory - Gorzyczki (CZ) 1
71%
Kołobrzeg - Koszalin - Bobolice - Szczecinek - Piła - Chodzież - Oborniki - Poznań - Jarocin - Pleszew - Ostrów Wlkp. - Ostrzeszów - Kępno - Kluczbork - Lubliniec - Bytom 11
67%
Nowe Marzy - Świecie - Bydgoszcz - Gniezno - Poznań - Leszno - Wrocław - Bolków - Jelenia Góra - Jakuszyce (CZ) 5
67%
Lubieszyn (D) - Szczecin - Stargard - Wałcz - Piła - Bydgoszcz - Toruń - Lipno - Sierpc - Drobin - Płońsk 10
66%
Łęknica (D) - Żary - Żagań - Głogów - Wschowa - Leszno - Gostyń - Jarocin - Pleszew - Kalisz - Sieradz - Łask - Piotrków Tryb. - Opoczno - Przysucha - Radom - Zwoleń - Puławy - Lublin - Chełm - Dorohusk (UA) 12
65%
Kuźnica (BY) - Białystok - Siemiatycze - Międzyrzec Podl. - Lubartów - Lublin - Kraśnik - Janów Lub. - Nisko - Rzeszów - Dukla - Barwinek (SK) 19
64%
Warszawa - Garwolin - Ryki - Lublin - Krasnystaw - Zamość - Tomaszów Lub. - Hrebenne (UA) 17
63%
Kostrzyn nad Odrą (D) - Gorzów Wlkp. - Wałcz - Człuchów - Chojnice - Starogard Gd. - Malbork - Elbląg - Grzechotki (RUS) 22
62%
Wieluń - Bełchatów - Piotrków Tryb. - Kielce - Opatów - Ożarów - Kraśnik - Janów Lub. - Szczebrzeszyn - Zamość - Hrubieszów - Zosin (UA) 74
59%
Warszawa - Góra Kalwaria - Kozienice - Zwoleń - Sandomierz - Połaniec - Kraków - Trzebinia - Chrzanów - Jaworzno - Katowice - Chorzów - Bytom 79
57%
Ciechanów - Płońsk - Sochaczew - Mszczonów - Grójec - Góra Kalwaria - Mińsk Maz. - Łochów - Ostrów Maz. 50
55%
Kłodzko - Nysa - Opole - Ozimek - Lubliniec - Blachownia - Częstochowa - Szczekociny 46
54%
Zator - Wadowice - Rabka-Zdrój - Limanowa - Nowy Sącz - Gorlice - Jasło - Krosno - Sanok - Bircza - Przemyśl - Medyka (UA) 28
53%
Dolna Grupa - Grudziądz - Iława - Ostróda - Olsztyn - Mrągowo - Ełk - Augustów - Ogrodniki (LT) 16
52%
Bobolice - Człuchów - Sępólno Kraj. - Koronowo - Bydgoszcz - Inowrocław - Strzelno - Konin - Kalisz - Ostrów Wlkp. - Oleśnica 25
51%
Trzebnica - Milicz - Krotoszyn - Jarocin - Września - Gniezno - Strzelno - Inowrocław - Toruń - Brodnica - Ostróda 15
50%
Warszawa - Jabłonna - Legionowo - Serock - Różan - Ostrów Maz. - Łomża - Szczuczyn - Ełk - Raczki - Suwałki - Budzisko (LT) 61
49%
Stargard - Chociwel - Drawsko Pom. - Czaplinek - Szczecinek - Miastko - Bytów - Kościerzyna - Chwaszczyno 20
46%
Topola Królewska - Kutno - Gostynin - Płock - Drobin - Glinojeck - Ciechanów - Maków Maz. - Różan - Ostrów Maz. 60
42%
Strzelno - Radziejów - Brześć Kuj. - Włocławek - Płock - Nowy Dwór Maz. - Serock - Wyszków - Łochów - Węgrów - Sokołów Podl. - Drohiczyn - Siemiatycze 62
42%
Nie znaleziono quizów pasujących do podanych kryteriów
Rozkład punktacji
Procent ludzi z każdym wynikiem
Percentyl według liczby udzielonych odpowiedzi
Twoja historia wyników
Nie rozwiązałeś tego quizu